LEADER 01848oam 2200565I 450 001 9910706278603321 005 20171005100958.0 035 $a(CKB)5470000002455649 035 $a(OCoLC)858259670 035 $a(EXLCZ)995470000002455649 100 $a20130912j199912 ua 0 101 0 $aeng 135 $aurbn||||a|a|| 181 $ctxt$2rdacontent 182 $cc$2rdamedia 183 $acr$2rdacarrier 200 10$aActive control of flow separation over an airfoil /$fS.S. Ravindran 210 1$aHampton, Virginia :$cNational Aeronautics and Space Administration, Langley Research Center,$dDecember 1999. 215 $a1 online resource (10 pages) $cillustrations 225 1 $aNASA/TM ;$v1999-209838 300 $a"December 1999." 300 $a"Performing organization: NASA Langley Research Center"--Report documentation page. 320 $aIncludes bibliographical references (pages 7-8). 606 $aActive control$2nasat 606 $aAirfoils$2nasat 606 $aNavier-Stokes equation$2nasat 606 $aMathematical models$2nasat 606 $aAlgorithms$2nasat 606 $aComputational fluid dynamics$2nasat 606 $aSeparated flow$2nasat 606 $aUnsteady aerodynamics$2nasat 615 7$aActive control. 615 7$aAirfoils. 615 7$aNavier-Stokes equation. 615 7$aMathematical models. 615 7$aAlgorithms. 615 7$aComputational fluid dynamics. 615 7$aSeparated flow. 615 7$aUnsteady aerodynamics. 700 $aRavindran$b S. S.$01412146 712 02$aLangley Research Center, 801 0$bOCLCE 801 1$bOCLCE 801 2$bOCLCO 801 2$bOCLCQ 801 2$bGPO 906 $aBOOK 912 $a9910706278603321 996 $aActive control of flow separation over an airfoil$93504917 997 $aUNINA LEADER 02449nam0 22005653i 450 001 MIL0084793 005 20251003044222.0 010 $a0201416077 100 $a20080228d1991 ||||0itac50 ba 101 | $aeng 102 $agb 181 1$6z01$ai $bxxxe 182 1$6z01$an 200 1 $aHandbook of algorithms and data structures$ein Pascal and C$fG. H. Gonnet, R. Baeza-Yates 205 $a2. ed 210 $aWokingham [etc.]$cAddison-Wesley$d[1991] 215 $aXIV, 424 p.$d24 cm 225 | $aInternational computer science series 300 $aBibliografia: P. 309-374. 410 0$1001RMS0038074$12001 $aInternational computer science series 517 1 $aHandbook of algorithms and data structures. -$9MIL0084795 606 $aAlgoritmi$2FIR$3CFIC033498$9E 606 $aArchivi di dati$xStruttura$2FIR$3CFIC055195$9I 606 $aELABORATORI ELETTRONICI$xProgrammazione$xLinguaggio C++$2FIR$3VEAC021851$9I 606 $aElaboratori elettronici$xProgrammazione$xLinguaggio Pascal$2FIR$3SBLC003802$9I 676 $a005.13$9LINGUAGGI DI PROGRAMMAZIONE$v14 676 $a005.133$9SPECIFICI LINGUAGGI DI PROGRAMMAZIONE$v22 696 $aBanche di dati$aData-base$aBanche dati$aFile di dati$aBasi dati$aArchivi dati$aData base$aArchivi elettronici di dati$aDB $aArchivi elettronici$aBasi di dati$aDatabase 699 $aArchivi di dati$yBanche di dati 699 $aArchivi di dati$yData-base 699 $aArchivi di dati$yBanche dati 699 $aArchivi di dati$yFile di dati 699 $aArchivi di dati$yBasi dati 699 $aArchivi di dati$yArchivi dati 699 $aArchivi di dati$yData base 699 $aArchivi di dati$yArchivi elettronici di dati 699 $aArchivi di dati$yDB 699 $aArchivi di dati$yArchivi elettronici 699 $aArchivi di dati$yBasi di dati 699 $aArchivi di dati$yDatabase 700 1$aGonnet$b, Gaston H.$3MILV056788$4070$0753920 701 1$aBaeza-Yates$b, Ricardo$3MILV056789$4070$027470 801 3$aIT$bIT-000000$c20080228 850 $aIT-BN0095 901 $bNAP 01$cSALA DING $n$ 912 $aMIL0084793 950 0$aBiblioteca Centralizzata di Ateneo$c1 v.$d 01SALA DING 005.13 GON.ha$e 0102 0000004635 VMA A4 1 v.$fY $h19931019$i19931019 977 $a 01 996 $aHandbook of algorithms and data structures$91558791 997 $aUNISANNIO